1982 1416 1352 1391 1142 1924 1648 1504 1753 1828 1255 1733 1878 1663 1958 1234 1352 1820 1821 1058 1769 1136 1335 1228 1548 1315 1701 1058 1008 1713 1260 1906 1598 1317 1937 1382 1356 1122 1159 1780 1407 1510 1143 1686 1289 1119 1345 1162 1751 1362 1854 1392 1262 1902 1865 1128 1777 1379 1206 1073 1464 1045 1217 1753 1686 1655 1859 1750 1561 1543 1333 1698 1310 1030 1142 1012 1295 1415 1264 1481 1282 1491 1182 1262 1893 1169 1477 1336 1944 1304 1469 1691 1374 1278 1273 1589 1895 1696 1320 BCNSPRNW ULIB Ver.6.0+V

เปลี่ยนเป็นภาษาไทย

Change to English
 แสดงรายละเอียดบรรณานุกรม
  กลับหน้าหลัก

Brief Record : Get Marc (ISO 2709) : E-mail record : QR code < ปิดหน้าต่าง
LEADER : 00000nam 2200000uu 4500
001    13399109858
003     ULIB
008    110412s2549||||th 000 0 tha d
020    9748283005
060 04 WC534^bช576C 2550
245 00 Communication skills...สื่อสารอย่างมีประสิทธิภาพ /^cบรรณาธิการ, ชิษณุ พันธุ์เจริญ, อุษา ทิสยากร
246 30 สื่อสารอย่างมีประสิทธิภาพเรื่อง
250    พิมพ์ครั้งที่ 1
260    กรุงเทพฯ :^bสมาคมกุมารแพทย์แห่งประเทศไทย,^c2549
300    217 หน้า
650  7 การสื่อสารทางการแพทย์
700 0  ชิษณุ พันธุ์เจริญ,^eบรรณาธิการ
700 0  อุษา ทิสยากร,^eบรรณาธิการ
710 2  สมาคมกุมารแพทย์แห่งประเทศไทย
945    ^p150^l0^i025654
945    ^p150^l0^i025653
945    ^p150^l0^i025226
995    ทศพร
999 ^a ใช้งานได้ทุกระบบ
รายการนี้ยังไม่มีแท็ก
คุณยังไม่ได้ล็อกอิน คุณสามารถมีกิจกรรมร่วมกับเว็บไซต์ได้ แต่ต้องล็อกอินก่อน ::
  ล็อกอิน

รายการสื่อสารสนเทศ

ลำดับที่ ประเภท เลขเรียก/บาร์โค้ด สถานที่ สถานะ
- ไม่พบข้อมูล -

รายการใกล้เคียง
    หัวเรื่อง [การสื่อสารทางการแพทย์]

BibComment


ยังไม่เคยถูกคอมเมนท์

คอมเมนท์ทรัพยากรรายการนี้
  คอมเมนท์: Communication ski..


 Copyright 2026. Bcnsprnw @Library